ARRUPE JESUIT UNIVERSITY

CORONAVIRUS -STOP THE SPREAD - CLEAN,DISINFECT,COVER

Papal power : (Record no. 119888)

MARC details
000 -LEADER
fixed length control field 01064nam a2200325 a 4500
001 - CONTROL NUMBER
control field 3554260
003 - CONTROL NUMBER IDENTIFIER
control field ARRUPE
005 - DATE AND TIME OF LATEST TRANSACTION
control field 20140203135211.0
008 - FIXED-LENGTH DATA ELEMENTS--GENERAL INFORMATION
fixed length control field 970919s1997 at b 001 0 eng d
010 ## - LIBRARY OF CONGRESS CONTROL NUMBER
LC control number 97197806
020 ## - INTERNATIONAL STANDARD BOOK NUMBER
International Standard Book Number 1863716785
035 ## - SYSTEM CONTROL NUMBER
System control number (OCoLC)37052110
040 ## - CATALOGING SOURCE
Original cataloging agency YQU
Transcribing agency YQU
Modifying agency DLC
042 ## - AUTHENTICATION CODE
Authentication code lccopycat
050 00 - LIBRARY OF CONGRESS CALL NUMBER
Classification number BX1802
Item number .C55 1997
082 00 - DEWEY DECIMAL CLASSIFICATION NUMBER
Classification number 262/.13
Edition number 21
300 ## - PHYSICAL DESCRIPTION
Dimensions 21 cm.
100 1# - MAIN ENTRY--PERSONAL NAME
Personal name Collins, Paul,
Dates associated with a name 1940-
9 (RLIN) 7741
245 10 - TITLE STATEMENT
Title Papal power :
Remainder of title a proposal for change in Catholicism's third millennium /
Statement of responsibility, etc Paul Collins.
260 ## - PUBLICATION, DISTRIBUTION, ETC. (IMPRINT)
Place of publication, distribution, etc Blackburn, Vic. :
Name of publisher, distributor, etc HarperCollinsReligious,
Date of publication, distribution, etc 1997.
300 ## - PHYSICAL DESCRIPTION
Extent xi, 228 p. ;
500 ## - GENERAL NOTE
General note Includes index.
504 ## - BIBLIOGRAPHY, ETC. NOTE
Bibliography, etc Bibliography: p. 219-222.
610 20 - SUBJECT ADDED ENTRY--CORPORATE NAME
Corporate name or jurisdiction name as entry element Catholic church
General subdivision Government.
9 (RLIN) 7742
650 #0 - SUBJECT ADDED ENTRY--TOPICAL TERM
Topical term or geographic name as entry element Popes
General subdivision Primacy.
9 (RLIN) 7743
650 #0 - SUBJECT ADDED ENTRY--TOPICAL TERM
Topical term or geographic name as entry element Church polity.
9 (RLIN) 7744
650 #0 - SUBJECT ADDED ENTRY--TOPICAL TERM
Topical term or geographic name as entry element Church renewal.
9 (RLIN) 7745
906 ## - LOCAL DATA ELEMENT F, LDF (RLIN)
a 7
b cbc
c copycat
d 3
e ncip
f 19
g y-gencatlg
942 ## - ADDED ENTRY ELEMENTS (KOHA)
Source of classification or shelving scheme Library of Congress Classification
Koha item type Monograph ( Printed materials)
Holdings
Withdrawn status Lost status Source of classification or shelving scheme Damaged status Not for loan Collection code Home library Current library Shelving location Date acquired Total Checkouts Full call number Barcode Date last seen Price effective from Koha item type
    Library of Congress Classification     Main Collection ARRUPE LIBRARY ARRUPE LIBRARY Main Collection 03/02/2014   BX1802 .C55 1997 46411995 22/11/2017 03/02/2014 Monograph ( Printed materials)

 

Arrupe Library. PO Box MP320 Mt Pleasant, Harare, Zimbabwe
263 242 745411|librarian@aju.ac.zw